banner koha

Além de gostosa, medicinal (Registro n. 300782)

MARC details
000 -LÍDER
fixed length control field 00952nab a2200289 4500
003 - CÓDIGO MARC DA AGÊNCIA CATALOGADORA
Campo de controle BR-BrBNA
005 - DATA E HORA DA ÚLTIMA ATUALIZAÇÃO
Campo de controle 20240815093543.0
008 - CAMPO DE TAMANHO FIXO
fixed length control field 240808b bl.||||| |||| 00| 0 por d
040 ## - FONTE DA CATALOGAÇÃO
Agência catalogadora BR-BrBNA
Idioma da catalogação por
072 ## - CATEGORIA AGRIS
Código AGRIS F30 ; E50
Código do objeto 1835 ; 2790
110 ## - ENTRADA PRINCIPAL - ENTIDADE
Nome da entidade ou lugar Terranova Gráfica e Editora Jornalística Ltda., Palmas, TO (Brasil)
245 ## - TÍTULO PRINCIPAL
Título principal Além de gostosa, medicinal
Subtítulo Biotecnologia
500 ## - NOTA GERAL
Nota geral 1 illus.
942 ## - ADDED ENTRY ELEMENTS (KOHA)
Koha item type
650 ## - ASSUNTO - THESAGRO
Cabeçalho tópico ou nome geográfico JACA
650 ## - ASSUNTO - THESAGRO
Cabeçalho tópico ou nome geográfico PLANTA MEDICINAL
650 ## - ASSUNTO - THESAGRO
Cabeçalho tópico ou nome geográfico SEMENTE
650 ## - ASSUNTO - THESAGRO
Cabeçalho tópico ou nome geográfico MEDICAMENTO
650 ## - ASSUNTO - THESAGRO
Cabeçalho tópico ou nome geográfico COLÁGENO
650 ## - ASSUNTO - THESAGRO
Cabeçalho tópico ou nome geográfico SAÚDE
650 ## - ASSUNTO - THESAGRO
Cabeçalho tópico ou nome geográfico PESQUISA
650 ## - ASSUNTO - THESAGRO
Cabeçalho tópico ou nome geográfico GENÉTICA VEGETAL
650 ## - ASSUNTO - THESAGRO
Cabeçalho tópico ou nome geográfico BIOTECNOLOGIA
650 ## - ASSUNTO - THESAGRO
Cabeçalho tópico ou nome geográfico BIOLOGIA MOLECULAR
773 0# - ENTRADA ANALÍTICA
Host Biblionumber 4604
Registro do item 317182
Imprenta Palmas - Tocantins Terranova Gráfica e Editora Jornalística Ltda 2005
Outro identificador 2024-3806
Título Cerrado Rural Agronegócios (Brazil)
ISSN 1980-2595
Colação v. 3(11) p. 3; (Oct 2005)
Número de controle de registro BR2024002401

Nenhum exemplar disponível.

BINAGRI

Telefone: (61)3218-2567/2388/3357/2097 - binagri@agro.gov.br

Ministério da Agricultura e Pecuária , Esplanada dos Ministérios, Bloco D, Anexo B, Brasília/DF, CEP: 70.043-900